000 00414nam a2200145Ia 4500
008 240729s9999 xx 000 0 und d
022 _a2789-4711
245 0 _aRazi International Medical Journal
260 _aAfghanistan
260 _bAfghanistan Center for Epidemiological Studies
650 _aMedicine
856 _uhttps://doaj.org/toc/d82fd5809c3044b1beca49455b22af85
942 _2ddc
942 _cDOAJEJ
999 _c73428
_d73428
945 _a1
_bMadushi Gamage
_c1
_dMadushi Gamage